000 00734 a2200229 4500
003 0
005 20160609163732.0
008 110518t xxu||||| |||| 00| 0 eng d
020 _a2-08-070243-2
040 _aBUAC
_bFre
_cBUC
041 _aFre
100 _lFre
_aRousseau, Jean-Jacques
_917158
245 _aDiscours sur l'origine et les fondements de l'inégalité parmi les hommes :
_bdiscours sur les sciences et les arts
_cJean-Jacques Rousseau ; Jacques Roger
260 _aParis
_bFlammarion
_c1992
300 _a282p
_c18 cm.
440 _a(GF Flammarion
_n243)
_917159
630 _aPHILOSOPHIE
_917160
650 _aEpistémologie : art
_917161
700 _aRoger, Jacques
_cPréf.
_917162
942 _cLIVR
999 _c43777
_d43777